000 01534cam a2200385Ka 4500
001 vtls003249857
003 MY-SjTCS
005 20200508124750.0
006 m o d
007 cr cnu---unuuu
008 121224s2011 maua o 001 0 eng d
020 _a9781440512001 (electronic bk.)
020 _a1440512000 (electronic bk.)
020 _a9781440511998 (electronic bk.)
020 _a1440511993 (electronic bk.)
020 _z9781440507502
020 _z1440507503
035 _a(OCoLC)775362124
035 _a(OCoLC)ocn775362124
039 9 _y201212241420
_zshuhada
082 0 4 _a641.8/74
_222
100 1 _aSimmons, Marcia.
245 1 0 _aDIY cocktails
_h[electronic resource] :
_ba simple guide to creating your own signature drinks /
_cMarcia Simmons & Jonas Halpren.
246 3 _aDo-it-yourself cocktails
260 _aAvon, Mass. :
_bAdams media,
_cc2011.
300 _a1 online resource (xii, 228 p.) :
_bcol. ill.
500 _aIncludes index.
588 _aDescription based on print version record.
650 0 _aCocktails.
_911978
650 0 _aElectronic books.
655 7 _aCookbooks.
_2lcgft
_997154
700 1 _aHalpren, Jonas.
776 0 8 _iPrint version:
_aSimmons, Marcia.
_tDIY cocktails.
_dAvon, Mass. : Adams Media, c2011
_z9781440507502
_w(DLC) 2010051022
_w(OCoLC)664676050
856 4 0 _uhttps://ezproxy.taylors.edu.my/login?url=http://search.ebscohost.com/login.aspx?direct=true&scope=site&db=nlebk&db=nlabk&AN=417248
_zAccessible through the World Wide Web; click to view
999 _c153331